000 03107cam a22003734a 4500
001 12866632
003 OSt
005 20230626093141.0
008 020723s2002 enka b 001 0 eng
010 _a 2002011681
020 _a1853839302 (hardback)
020 _a1853839310 (pbk.)
040 _aDLC
_cDLC
_dDLC
042 _apcc
050 0 0 _aHD60
_b.C639 2002
082 0 0 _a331.25/98
_221
_bJEN
245 0 0 _aCorporate responsibility and labour rights :
_bcodes of conduct in the global economy /
_cedited by Rhys Jenkins, Ruth Pearson and Gill Seyfang.
246 3 _aCorporate responsibility and labor rights
246 1 4 _aCorporate responsibility & labour rights
260 _aLondon ;
_aSterling, VA :
_bEarthscan,
_c2002.
300 _axvi, 232 p. :
_bill. ;
_c24 cm.
504 _aIncludes bibliographical references and index.
505 0 _aCodes of conduct and global deregulation -- Introduction / Rhys Jenkins, Ruth Pearson and Gill Seyfang. The political economy of codes of conduct / Rhys Jenkins. Labour rights/corporate responsibilities : the role of ILO labour standards / Jill Murray. 'I'll tell you what i want...' : women workers and codes of conduct / Ruth Pearson and Gill Seyfang. Mapping codes through the value chain : from researcher to detective / Stephanie Barrientos -- Codes of conduct : perspectives from stakeholders in the global production chains : stakeholder perspectives. Beyond codes : lessons from the Pentland experience / Lesley Roberts. The international trade union movement and the new codes of conduct / Dwight Justice. The emperor's new clothes : what codes mean for workers in the garment industry / Linda Shaw and Angela Hale. Can codes of conduct help home based workers? / Lucy Brill. Regional perspectives. 'Made in China' : rules and regulations versus codes of conduct in the toy sector / Alice Kwan and Stephen Frost. The contradictions in codes : the Sri Lankan experience / Kelly Dent. The ootential of codes as part of women's organisations' strategies for promoting the rights of women workers : a Central America perspective / Marina Prieto, Angela Hadjipateras and Jane Turner. The fox guarding the chicken coop : monitoring garment production in Los Angeles / Laura Dubinsky. Practical issues in developing and implementing codes. Working with codes : perspectives from the clean clothes campaign / Nina Ascoly and Inneke Zeldenrust. ETI : aa multi-stakeholder approach / Mick Blowfield. Monitoring the monitors : a critique of third-party labour monitoring / Dara O'rourke. Code monitoring in the informal fair trade sector : the experience of Oxfam GN / Rachel Wilshaw.
650 0 _aSocial responsibility of business.
650 0 _aIndustries
_xSelf-regulation.
650 0 _aIndustrial relations.
650 0 _aEmployee rights.
700 1 _aJenkins, Rhys Owen,
_d1948-
700 1 _aPearson, Ruth,
_d1945-
700 1 _aSeyfang, Gill,
_d1969-
906 _a7
_bcbc
_corignew
_d1
_eecip
_f20
_gy-gencatlg
942 _2ddc
_cBK
999 _c2629
_d2629